000 00951nam a2200253Ia 4500
003 OSt
005 20221005105723.0
006 a|||||r|||| 00| 0
007 ta
008 221004b |||||||| |||| 00| 0 hin d
020 _a9788189997489 (hbk)
_c250
024 _a101972
037 _b405, 22/03/2010, Swaraj Prakashan
_cTextual
040 _aCRL
_cCRL
_bhin
041 _2hin
_ahin
082 _aO152,1J32:g, P9
100 _aपाण्डेय, गौरी शंकर
245 0 _aतुलसी साहित्य में लौकिक न्याय
246 _aTulasī sāhitya mean laukik nyāya
260 _aनई दिल्ली
_bश्री नटराज प्रकाशन भारत
_c2009
300 _a175पृ0
_ccm.
942 _hO152,1J32:g, P9
_cTEXL
_2cc
999 _c1016696
_d1016696